| 000 | 00721nam a2200289 a 4500 | ||
|---|---|---|---|
| 003 | AR-BaBNM | ||
| 005 | 20251128205523.0 | ||
| 008 | 082120s2002 ||||||||||||||000 | spa|| | ||
| 020 | _a84-7166-385-6 | ||
| 040 | _cAR-BaBNM | ||
| 245 | 0 | 0 | _aCantar de Mío Cid |
| 260 |
_aMadrid _bEdaf _c1980 |
||
| 300 | _axxxii, 352 p. | ||
| 490 | 0 |
_aBiblioteca Edaf _vv. 6 |
|
| 650 | 4 | _aLITERATURA MEDIEVAL | |
| 650 | 4 | _aLITERATURA ESPAÑOLA | |
| 650 | 4 | _aCANTARES DE GESTA | |
| 650 | 4 | _aEDAD MEDIA | |
| 650 | 4 | _aTRADICION ORAL | |
| 650 | 4 | _aCRISTIANISMO | |
| 650 | 4 | _aLITERATURA POPULAR | |
| 653 | _aPOESIA EPICA | ||
| 655 | _aLITERATURA | ||
| 700 | 1 |
_aGuarner, Luis _eprologuista |
|
| 942 | _cBK | ||
| 998 | _cMARTIN | ||
| 999 |
_c11728 _d11728 |
||